Padre Nostro - Statistics

Statistiche generali
  • Questo quiz è stato fatto 343 volte
  • Il punteggio medio è 51 su 55
Statistiche sulle risposte
Parole % Corretto
nostro
100%
nostro
100%
Padre
100%
che
99%
ci
99%
e
99%
e
99%
nei
99%
sei
99%
i nostri
98%
sia
98%
sia
98%
il
97%
il
97%
il
97%
tuo
97%
tuo
97%
cieli,
96%
Nome,
96%
santificato
95%
in
94%
in
94%
in
94%
la
94%
li
94%
Regno,
94%
come
93%
come
93%
fatta
93%
pane
93%
tua
93%
venga
93%
Volontà
93%
a
92%
cielo
92%
Dacci
92%
quotidiano,
92%
terra.
92%
così
91%
noi
91%
noi
91%
oggi
89%
nostri
88%
rimetti
88%
debiti
87%
debitori,
87%
ma
87%
dal
86%
liberaci
86%
Male.
86%
non
86%
rimettiamo
86%
ai
85%
tentazione,
85%
indurre
82%
Nessun quiz corrispondente trovato
Distribuzione punteggi
Percentuale di utenti per punteggio
Percentile per numero di risposta
I tuoi punteggi nel tempo
Non hai fatto questo quiz